Name the Odd Country - Statistics

General Stats
  • This quiz has been taken 99 times
  • The average score is 12 of 15
Answer Stats
Answer % Correct
Australia
97%
Qatar
95%
Mexico
93%
Sweden
93%
Bosnia and Herzegovina
91%
Andorra
90%
Armenia
88%
Burundi
84%
Jamaica
80%
United Arab Emirates
78%
Sri Lanka
73%
Jordan
71%
Japan
66%
Norway
59%
Madagascar
52%
No matching quizzes found
Score Distribution
Percent of People with Each Score
Percentile by Number Answered
Your Score History
You have not taken this quiz